书目信息 |
| 题名: |
社会主义社会再生产有关范畴的分析
|
|
| 作者: | 罗季荣 著 | |
| 分册: | ||
| 出版信息: | 北京 人民出版社 1983 |
|
| 页数: | 106页 | |
| 开本: | 19cm | |
| 丛书名: | ||
| 单 册: | ||
| 中图分类: | F048 | |
| 科图分类: | ||
| 主题词: | 社会主义再生产--研究 | |
| 电子资源: | ||
| ISBN: | ||
| 000 | 00643nam0 2200229 45 | |
| 001 | 0183003131 | |
| 005 | 20061025150205.39 | |
| 010 | @dCNY0.54 | |
| 091 | @a4001.442 | |
| 100 | @a19950517d1983 em y0chiy0121 ea | |
| 101 | 0 | @achi |
| 102 | @aCN@b110000 | |
| 105 | @ay z 000yy | |
| 200 | 10 | @a社会主义社会再生产有关范畴的分析@Ashe hui zhu yi she hui zai sheng chan you guan fan chou de fen xi@f罗季荣著 |
| 210 | @a北京@c人民出版社@d1983 | |
| 215 | @a106页@d19cm | |
| 606 | @a社会主义再生产@x研究 | |
| 690 | @aF048@v3 | |
| 701 | 0 | @a罗季荣@Aluo ji rong@4著 |
| 801 | 2 | @aCN@bNLC@c20061025 |
| 801 | 0 | @aCN@bTSSF |
| 905 | @a10447@dF048@e71 | |
| 社会主义社会再生产有关范畴的分析/罗季荣著.-北京:人民出版社,1983 |
| 106页;19cm |
| ISBN :CNY0.54 |
| ● |
| 相关链接 |
|
|
|
|
正题名:社会主义社会再生产有关范畴的分析
索取号:F048/71
 
预约/预借
| 序号 | 登录号 | 条形码 | 馆藏地/架位号 | 状态 | 备注 |
| 1 | 0177622 | 000193775 | 第一样本阅览室/ [索取号:F048/71] | 在馆 |